000 00405nam a2200169Ia 4500
005 20240823043454.0
008 240823s9999||||xx |||||||||||||| ||und||
041 _aENGLISH
082 _A658.562 P5
100 _aKrishnaswamy K et al.
245 0 _aTotal Quality Management
250 _a1st
260 _c2006
_bR K
500 _aTRANSFERED
650 _aQuality
_bManagement Studies
942 _cBK
999 _c210303
_d210303